000 00976cab a2200277 4500
001 ABS56432
008 090401t1997 xxu||||| |||| 00| 0 eng d
035 _a(Sirsi) u23553
041 _aeng
245 _aCost model - combined heat and power system analysis
260 _c1997
350 _a0
490 _aBuilding Services
_vJanuary 1997, 17-19(3)
520 _aAnalysis of combined heat and power systems, producing a reference cost model for a 1MW chp scheme. Questions to what extent such schemes are viable, and what effects changes in electricity and gas tariffs will have on net annual savings and payback periods.
650 _aBlock management
_96220
650 _aCHP
650 _aCOMBINED HEAT AND POWER
650 _aCOST MODELS
650 _aELECTRICITY GENERATION
650 _aENERGY COSTS
650 _aENERGY EFFICIENCY
650 _aHEATING SYSTEMS
690 _aBUILT ENVIRONMENT-BUILDING COSTS
942 _n0
948 _c04/03/1997
999 _c15745
_d15745